[Event "Altea Cap Negret op 65+ 1st"]
[Site "Altea"]
[Date "2023.11.17"]
[Round "7"]
[White "Pelegri Castello, Elias"]
[Black "Page, Mark"]
[Result "0-1"]
[WhiteElo "1825"]
[BlackElo "2052"]
[PlyCount "72"]
[EventDate "2023.11.12"]
[EventType "swiss"]
[EventRounds "8"]
[EventCountry "ESP"]
[SourceTitle "CBM 217 Extra"]
[Source "ChessBase"]
[SourceDate "2024.01.31"]
[SourceVersion "1"]
[SourceVersionDate "2024.01.31"]
[SourceQuality "1"]

1. d4 Nf6 2. Bf4 g6 3. Nc3 d5 4. e3 Bg7 5. Nf3 0-0 6. h4 c5 7. Ne5 Nc6 8. h5 cxd4 9. exd4 Qa5 10. Qd2 Nxh5 11. Rxh5 gxh5 12. 0-0-0 Bf5 13. Be2 Nxe5 14. Bxe5 Bg6 15. Rh1 Bxe5 16. dxe5 Rfd8 17. Bxh5 Qb6 18. Bxg6 Qxg6 19. Nxd5 Kf8 20. Nf4 Qe4 21. Nd3 Qxg2 22. Qh6+ Qg7 23. Qf4 Rac8 24. Kb1 Rc6 25. Qb4 Rg6 26. Qe1 Rd4 27. f4 Rg2 28. f5 Rdg4 29. f6 exf6 30. exf6 Qxf6 31. Ne5 Qf5 32. Nd3 Qg6 33. Qc3 Rg1+ 34. Rxg1 Rxg1+ 35. Ne1 Qg3 36. Qc5+ Kg8 0-1

[Event "Altea Cap Negret op 65+ 1st"]
[Site "Altea"]
[Date "2023.11.13"]
[Round "2"]
[White "Ponce Navalon, Jose"]
[Black "Pelegri Castello, Elias"]
[Result "1-0"]
[WhiteElo "2129"]
[BlackElo "1825"]
[PlyCount "43"]
[EventDate "2023.11.12"]
[EventType "swiss"]
[EventRounds "8"]
[EventCountry "ESP"]
[SourceTitle "CBM 217 Extra"]
[Source "ChessBase"]
[SourceDate "2024.01.31"]
[SourceVersion "1"]
[SourceVersionDate "2024.01.31"]
[SourceQuality "1"]

1. Nf3 g6 2. e4 Bg7 3. d4 d6 4. Bc4 Nf6 5. Qe2 0-0 6. e5 dxe5 7. dxe5 Nd5 8. h3 Nc6 9. 0-0 Na5 10. Bd3 c5 11. Rd1 Qc7 12. Be4 e6 13. Na3 a6 14. c4 Ne7 15. Bf4 Bd7 16. Qe3 Nf5 17. Bxf5 gxf5 18. Bh6 f6 19. Bxg7 Kxg7 20. exf6+ Rxf6 21. Qg5+ Kf7 22. Rxd7+ 1-0

[Event "ESP-ch Seniors 65"]
[Site "Altea"]
[Date "2021.11.03"]
[Round "5"]
[White "Pelegri Castello, Elias"]
[Black "Antonano Fedz Quincoces, Avelino"]
[Result "0-1"]
[WhiteElo "1787"]
[BlackElo "1999"]
[PlyCount "40"]
[EventDate "2021.10.31"]
[EventType "swiss"]
[EventRounds "9"]
[EventCountry "ESP"]
[SourceTitle "CBM 205 Extra"]
[Source "ChessBase"]
[SourceDate "2022.01.31"]
[SourceVersion "1"]
[SourceVersionDate "2022.01.31"]
[SourceQuality "1"]

1. d4 e6 2. Bf4 Nf6 3. Nf3 c5 4. c3 b6 5. Nbd2 Ba6 6. e4 Bxf1 7. Kxf1 Be7 8. Qe2 0-0 9. h4 cxd4 10. cxd4 d5 11. e5 Nh5 12. Be3 g6 13. Bh6 Re8 14. g4 Ng7 15. h5 Nd7 16. Qe3 Nf8 17. hxg6 fxg6 18. Bxg7 Kxg7 19. Qh6+ Kg8 20. Nh4 Bg5 0-1

[Event "ESP-ch Seniors 50+"]
[Site "Altea"]
[Date "2017.10.07"]
[Round "1"]
[White "Pelegri Castello, Elias"]
[Black "Nunez Munoz, Jesus"]
[Result "1-0"]
[WhiteElo "1903"]
[BlackElo "2199"]
[PlyCount "167"]
[EventDate "2017.10.07"]
[EventType "swiss"]
[EventRounds "9"]
[EventCountry "ESP"]
[SourceTitle "CBM 181 Extra"]
[Source "ChessBase"]
[SourceDate "2017.12.12"]
[SourceVersion "1"]
[SourceVersionDate "2017.12.12"]
[SourceQuality "1"]

1. Nf3 Nf6 2. c4 e6 3. g3 b6 4. Bg2 Bb7 5. 0-0 c5 6. Nc3 Be7 7. d4 cxd4 8. Nxd4 Bxg2 9. Kxg2 Qc8 10. Qd3 0-0 11. Qf3 Na6 12. b3 Rd8 13. Bb2 Nc5 14. Rac1 Qb7 15. Qxb7 Nxb7 16. Rfd1 Rac8 17. e4 d6 18. f3 a6 19. Nc2 Kf8 20. Ne3 Nc5 21. Rd2 h6 22. Rcd1 Rb8 23. Nc2 Rbc8 24. Ne3 Kg8 25. Kf2 Kh7 26. Kg2 g5 27. g4 Kg6 28. Ne2 Nfd7 29. b4 Nb7 30. a3 Bf6 31. Bd4 Bxd4 32. Nxd4 Ne5 33. Rc2 Kf6 34. Kg3 Ke7 35. h4 Kf6 36. h5 Ke7 37. f4 gxf4+ 38. Kxf4 Rg8 39. Nf3 f6 40. Nxe5 fxe5+ 41. Kg3 Nd8 42. Rdc1 Nb7 43. Ng2 Kd7 44. Nh4 Nd8 45. Nf3 Nf7 46. Rd2 Ke7 47. Nh4 Ng5 48. Re2 Rg7 49. Rcc2 Rf7 50. Rc1 Kd7 51. Re3 Rcf8 52. Rd1 Kc6 53. Rdd3 Rf1 54. Ng6 Rg1+ 55. Kh2 Rff1 56. Nh4 Rxg4 57. Nf3 Rf2+ 58. Kh1 Nxe4 59. c5 bxc5 60. bxc5 Nxc5 61. Rc3 Rf1+ 62. Kh2 Rd1 63. Rxe5 Kb6 64. Ree3 Re4 65. Rb3+ Nxb3 66. Rxe4 e5 67. Rb4+ Kc5 68. Rxb3 e4 69. Rc3+ Kd5 70. Ng1 Rd2+ 71. Kg3 Kd4 72. Rb3 Rd3+ 73. Rxd3+ Kxd3 74. Kf2 d5 75. Ke1 d4 76. Ne2 Ke3 77. a4 a5 78. Nc1 Kf3 79. Nb3 d3 80. Nxa5 e3 81. Nb3 Ke4 82. Nc5+ Kd4 83. Nxd3 Kxd3 84. a5 1-0

[Event "Mondariz Balneario Cemar op 4th"]
[Site "Mondariz"]
[Date "2017.08.17"]
[Round "2"]
[White "Larino Nieto, David"]
[Black "Pelegri Castello, Elias"]
[Result "1-0"]
[WhiteElo "2491"]
[BlackElo "1900"]
[PlyCount "53"]
[EventDate "2017.08.16"]
[EventType "swiss"]
[EventRounds "9"]
[EventCountry "ESP"]
[SourceTitle "CBM 180 Extra"]
[Source "ChessBase"]
[SourceDate "2017.10.06"]
[SourceVersion "1"]
[SourceVersionDate "2017.10.06"]
[SourceQuality "1"]

1. e3 g6 2. h4 h5 3. d4 d5 4. c4 c6 5. Nc3 Bg7 6. Nh3 Nh6 7. cxd5 cxd5 8. Nf4 e6 9. Bd3 Nc6 10. b4 Nxb4 11. Qa4+ Nc6 12. Ba3 Bf8 13. Nb5 Bxa3 14. Qxa3 Qe7 15. Qb2 Nf5 16. Bxf5 gxf5 17. Rc1 Kf8 18. a3 a6 19. Nc3 Na5 20. Ncxd5 exd5 21. Nxd5 Qd6 22. Nb6 Ke7 23. Nxa8 Bd7 24. Nb6 Bb5 25. Nc8+ Rxc8 26. Rxc8 Nc4 27. Rxc4 1-0

[Event "Provincial-ch Xeraco Preferente"]
[Site "Xeraco"]
[Date "2014.10.04"]
[Round "2.10"]
[White "Pelegri Castello, Elias"]
[Black "Morant Gomar, Sergio"]
[Result "0-1"]
[WhiteElo "1881"]
[BlackElo "1709"]
[PlyCount "58"]
[EventDate "2014.09.27"]
[EventType "swiss"]
[EventRounds "7"]
[EventCountry "ESP"]
[SourceTitle "EXT 2024"]
[Source "ChessBase"]
[SourceDate "2023.10.10"]
[SourceVersion "1"]
[SourceVersionDate "2023.10.10"]
[SourceQuality "1"]

1. Nf3 Nf6 2. c4 d5 3. cxd5 Nxd5 4. d4 Bf5 5. e3 Qd7 6. Nc3 Nc6 7. a3 h6 8. Bd3 Bg4 9. h3 Bh5 10. g4 Bg6 11. Bxg6 fxg6 12. Qd3 0-0-0 13. Qxg6 e6 14. Bd2 Be7 15. Qe4 Rdf8 16. Ne5 Nxe5 17. Qxe5 Bh4 18. Ne4 Qf7 19. 0-0-0 Bf6 20. Qg3 Be7 21. f4 Qe8 22. Nc3 Qc6 23. Qe1 a6 24. Rf1 Qc4 25. e4 Nb6 26. Qe3 Rd8 27. Kb1 Bxa3 28. bxa3 Qb3+ 29. Ka1 Nc4 0-1

[Event "Alcudia Belleuve"]
[Site "Alcudia"]
[Date "2012.10.21"]
[Round "9.11"]
[White "Sanabria Macias, Anselmo"]
[Black "Pelegri Castello, Elias"]
[Result "1-0"]
[WhiteElo "1935"]
[BlackElo "1837"]
[PlyCount "44"]
[EventDate "2012.10.14"]
[EventType "swiss"]
[EventRounds "9"]
[EventCountry "ESP"]
[SourceTitle "EXT 2024"]
[Source "ChessBase"]
[SourceDate "2023.10.10"]
[SourceVersion "1"]
[SourceVersionDate "2023.10.10"]
[SourceQuality "1"]

1. e4 e6 2. d4 d5 3. Nd2 dxe4 4. Nxe4 Nf6 5. Nxf6+ Qxf6 6. Nf3 h6 7. Bd3 Bd6 8. 0-0 0-0 9. Qe2 Nd7 10. Qe4 Re8 11. Re1 Rb8 12. Ne5 c5 13. c3 cxd4 14. cxd4 Nb6 15. Re3 Qf5 16. Qh4 Qg5 17. Qh3 Bxe5 18. dxe5 Nd5 19. Re4 Qf5 20. g4 Qg6 21. Rd4 f5 22. Kh1 Qxg4 1-0

[Event "Alcudia Belleuve"]
[Site "Alcudia"]
[Date "2012.10.20"]
[Round "7.17"]
[White "Pelegri Castello, Elias"]
[Black "Romeu de la Cruz, Josep"]
[Result "1-0"]
[WhiteElo "1837"]
[BlackElo "1902"]
[PlyCount "81"]
[EventDate "2012.10.14"]
[EventType "swiss"]
[EventRounds "9"]
[EventCountry "ESP"]
[SourceTitle "EXT 2024"]
[Source "ChessBase"]
[SourceDate "2023.10.10"]
[SourceVersion "1"]
[SourceVersionDate "2023.10.10"]
[SourceQuality "1"]

1. Nf3 b5 2. g3 Bb7 3. Bg2 e6 4. b3 Nf6 5. 0-0 Be7 6. c4 a6 7. Nc3 b4 8. Na4 0-0 9. d3 c5 10. d4 d6 11. dxc5 dxc5 12. Be3 Nbd7 13. Bf4 a5 14. Ne5 Bxg2 15. Kxg2 Ra6 16. Nxd7 Nxd7 17. Qc2 Qa8+ 18. Kg1 e5 19. Be3 Qc8 20. Rad1 Nf6 21. Bg5 h6 22. Bxf6 Rxf6 23. Qe4 Re6 24. Rd5 f5 25. Qe3 e4 26. Nxc5 f4 27. Qd4 Bf6 28. Qd1 f3 29. exf3 exf3 30. Nxe6 Qxe6 31. Qxf3 Bd4 32. Qd3 Bf6 33. Rxa5 Qb6 34. Qd5+ Kh8 35. Ra8 Rxa8 36. Qxa8+ Kh7 37. Qe4+ g6 38. Rd1 h5 39. h4 Qa6 40. Rd7+ Bg7 41. Qe7 1-0

[Event "Benidorm op U2000 09th"]
[Site "Benidorm"]
[Date "2010.12.03"]
[Round "1"]
[White "Pelegri Castello, Elias"]
[Black "Sos Andreu, Eric"]
[Result "0-1"]
[WhiteElo "1813"]
[BlackElo "1998"]
[PlyCount "80"]
[EventDate "2010.12.03"]
[EventType "swiss"]
[EventRounds "10"]
[EventCountry "ESP"]
[SourceTitle "CBM 139 Extra"]
[Source "ChessBase"]
[SourceDate "2011.01.05"]
[SourceVersion "1"]
[SourceVersionDate "2011.01.05"]
[SourceQuality "1"]

1. Nf3 Nf6 2. c4 e6 3. g3 d5 4. Bg2 c6 5. 0-0 Nbd7 6. Qc2 Bd6 7. d4 0-0 8. Nbd2 Qe7 9. e4 Nxe4 10. Nxe4 dxe4 11. Qxe4 Nf6 12. Qe2 Qc7 13. c5 Be7 14. b4 Nd5 15. Bd2 Bf6 16. Rfe1 Rd8 17. Qc4 b6 18. Rac1 bxc5 19. Qxc5 Be7 20. Qc4 Qb6 21. a3 Bb7 22. Qd3 Bf6 23. Ne5 Rac8 24. Rcd1 Ne7 25. Bc3 Ba6 26. Qe4 Nd5 27. Bb2 Bb5 28. Ng4 Be7 29. Ne3 a5 30. bxa5 Qxa5 31. Ra1 Rb8 32. Qc2 Bg5 33. h4 Ba4 34. Qe2 Bxe3 35. fxe3 Nxe3 36. d5 Nxg2 37. Kxg2 Qxd5+ 38. Kh2 Rb3 39. Rad1 Rxb2 40. Qxb2 Bxd1 0-1

[Event "Provincial-ch Gandia Preferente"]
[Site "Valencia Gandia"]
[Date "2010.10.02"]
[Round "1"]
[White "Arlandis Clari, Enrique"]
[Black "Pelegri Castello, Elias"]
[Result "1-0"]
[WhiteElo "2000"]
[BlackElo "1813"]
[PlyCount "43"]
[EventDate "2010.10.02"]
[EventType "swiss"]
[EventRounds "7"]
[EventCountry "ESP"]
[SourceTitle "EXT 2024"]
[Source "ChessBase"]
[SourceDate "2023.10.10"]
[SourceVersion "1"]
[SourceVersionDate "2023.10.10"]
[SourceQuality "1"]

1. e4 e6 2. d4 d5 3. Nc3 Nf6 4. Bd3 dxe4 5. Nxe4 Nbd7 6. Nf3 Nxe4 7. Bxe4 Nf6 8. Bd3 c5 9. Be3 Ng4 10. 0-0 Nxe3 11. fxe3 Bd6 12. Bb5+ Ke7 13. Ng5 f6 14. Qh5 Qg8 15. Ne4 cxd4 16. Nxd6 Kxd6 17. Rad1 a6 18. Rxd4+ Ke7 19. Qc5+ Kf7 20. Qc7+ Kg6 21. Rg4+ Kh6 22. Qf4+ 1-0